MARC details
| 000 -CABECERA |
| campo de control de longitud fija |
02930cas a2200577 a 4500 |
| 001 - NÚMERO DE CONTROL |
| campo de control |
000000957 |
| 005 - FECHA Y HORA DE LA ÚLTIMA TRANSACCIÓN |
| campo de control |
20200929145443.0 |
| 008 - DATOS DE LONGITUD FIJA--INFORMACIÓN GENERAL |
| campo de control de longitud fija |
761112d1967199udcuzx1 wl f a eng d |
| 010 ## - NÚMERO DE CONTROL DE LA BIBLIOTECA DEL CONGRESO |
| Número de control de LC |
79611725 |
| Número de control de LC cancelado o no válido |
sc 78001338 |
| 022 ## - NÚMERO INTERNACIONAL NORMALIZADO PARA PUBLICACIONES SERIADAS |
| Número Internacional Normalizado para Publicaciones Seriadas |
0012-2785 |
| 035 ## - NÚMERO DE CONTROL DEL SISTEMA |
| Número de control de sistema |
(OCoLC)ocm02554382 |
| 040 ## - FUENTE DE LA CATALOGACIÓN |
| Centro catalogador/agencia de origen |
DO-SdBNP |
| Centro/agencia transcriptor |
NSDP |
| Centro/agencia modificador |
DLC |
| -- |
NST |
| -- |
DLC |
| -- |
OCoLC |
| -- |
DGPO-S |
| -- |
NSDP |
| -- |
NST |
| -- |
DLC |
| -- |
DGPO |
| -- |
NST |
| -- |
DGPO |
| -- |
NST |
| -- |
DGPO |
| 042 ## - CÓDIGO DE AUTENTICACIÓN |
| Código de autenticación |
nsdp |
| -- |
lc |
| 043 ## - CÓDIGO DE ÁREA GEOGRÁFICA |
| Código de área geográfica |
n-us--- |
| 050 00 - SIGNATURA TOPOGRÁFICA DE LA BIBLIOTECA DEL CONGRESO |
| Número de clasificación |
KF18 |
| Número de documento/Ítem |
.L5 |
| 060 0# - SIGNATURA TOPOGRÁFICA DE LA NATIONAL LIBRARY OF MEDICINE |
| Número de clasificación |
Z 6456 D572 |
| 074 ## - NÚMERO DE DOCUMENTO/ÍTEM DE LA GPO |
| Número de documento/ítem de la GPO |
0807 |
| 086 0# - NÚMERO DE CLASIFICACIÓN PARA DOCUMENTOS GUBERNAMENTALES |
| Número de clasificación |
LC 14.6: |
| 082 ## - NÚMERO DE LA CLASIFICACIÓN DECIMAL DEWEY |
| Número de clasificación |
348/.73/1 |
| 012 ## - |
| -- |
-3-7-9501250726-p-----0 |
| 222 #0 - TÍTULO CLAVE |
| Título clave |
Digest of public general bills and resolutions |
| 245 00 - MENCIÓN DE TÍTULO |
| Título |
Digest of public general bills and resolutions. |
| 246 14 - FORMA VARIANTE DE TÍTULO |
| Título propio/Titulo breve |
CRS bill digest |
| Fecha o designación secuencial |
<1988>-199 |
| 260 ## - PUBLICACIÓN, DISTRIBUCIÓN, ETC. |
| Lugar de publicación, distribución, etc. |
Washington, D.C. : |
| Nombre del editor, distribuidor, etc. |
Legislative Reference Service, Library of Congress : |
| -- |
For sale by the Supt. of Docs., U.S. G.P.O.,. |
| 300 ## - DESCRIPCIÓN FÍSICA |
| Extensión |
v. ; |
| Dimensiones |
26-28 cm. |
| 310 ## - PERIODICIDAD ACTUAL |
| Periodicidad actual |
Normally published during each session of Congress in five or more cumulative issues with bi-weekly supplementation as may be needed and a final issue at the conclusion of each session. |
| 362 1# - FECHAS DE PUBLICACIÓN Y/O DESIGNACIÓN SECUENCIAL |
| Fecha de publicación y/o designación secuencial |
Ceased with final issue for 101st Congress, 2nd session. |
| 500 ## - NOTA GENERAL |
| Nota general |
Description based on: 90th Congress, 1st session, final issue, published in 1967; title from cover. |
| 515 ## - NOTA DE PECULIARIDADES DE LA NUMERACIÓN |
| Nota de peculiaridades de la numeración |
Final issues for <100th Congress, 2nd session>-101st Congress issued in 2 or more v. |
| 550 ## - NOTA DE ENTIDAD RESPONSABLE |
| Nota de entidad responsable |
Vols. for 90th-91st Congress published by: Library of Congress, Legislative Reference Service; 92nd Congress-101st Congress by: Library of Congress, Congressional Research Service. |
| 590 ## - NOTA LOCAL (RLIN) |
| Nota local |
SERBIB/SERLOC merged record |
| 650 #0 - PUNTO DE ACCESO ADICIONAL DE MATERIA--TÉRMINO DE MATERIA |
| Término de materia o nombre geográfico como elemento de entrada |
Bills, legislative |
| Subdivisión geográfica |
United States |
| Subdivisión general |
Digests. |
| 9 (RLIN) |
3369 |
| 710 20 - PUNTO DE ACCESO ADICIONAL--NOMBRE DE ENTIDAD CORPORATIVA |
| Nombre de entidad corporativa o nombre de jurisdicción como elemento de entrada |
Library of Congress. |
| Unidad subordinada |
Legislative Reference Service. |
| 9 (RLIN) |
3370 |
| 710 20 - PUNTO DE ACCESO ADICIONAL--NOMBRE DE ENTIDAD CORPORATIVA |
| Nombre de entidad corporativa o nombre de jurisdicción como elemento de entrada |
Library of Congress. |
| Unidad subordinada |
Congressional Research Service. |
| 9 (RLIN) |
3371 |
| 780 00 - ENLACE A UN TÍTULO/ENTRADA ANTERIOR |
| Título |
Digest of public general bills and selected resolutions with index |
| Número Internacional Normalizado para Publicaciones Seriadas |
0090-0125 |
| Número de control del registro |
(DLC) 36026093 |
| -- |
(OCoLC)5342016 |
| 890 ## - |
| -- |
United States. Library of Congress. Congressional Research Service. Digest of public general bills and resolutions. |
| -- |
79-611725//r853 |
| 910 ## - DATOS DE OPCIÓN DEL USUARIO (OCLC) |
| Datos de opción del usuario |
DC |
| 910 ## - DATOS DE OPCIÓN DEL USUARIO (OCLC) |
| Datos de opción del usuario |
Catalogación por copia/lc |
| 906 ## - ELEMENTOS DE DATOS F LOCAL, LDF (RLIN) |
| a |
7 |
| b |
cbc |
| c |
serials |
| d |
u |
| e |
ncip |
| f |
19 |
| g |
n-oclcserc |
| 920 ## - |
| -- |
Keep 5 |
| 936 ## - OCLC/CONSER DATOS MISCELÁNEOS (OCLC); PIEZA UTILIZADA PARA CATALOGACIÓN (pre-RCAA2) (RLIN) |
| Numero(s) de control OCLC de registros paralelo(s) (OCLC); Pieza utilizada para catalogación, PUC (RLIN) |
101st Congress, 1st session, final issue LIC |
| 991 ## - |
| -- |
c-LL |
| -- |
KF18 |
| -- |
.L5 |
| -- |
SERIALS |
| 991 ## - |
| -- |
c-LL |
| -- |
KF18 |
| -- |
.L5 |
| -- |
00022581788 |
| -- |
Copy 4 |
| -- |
4 1949 * 8888 |
| -- |
CCF |
| 991 ## - |
| -- |
c-LL |
| -- |
KF18 |
| -- |
.L5 |
| -- |
0001136021A |
| -- |
Copy 1 |
| -- |
1965-66 * 8888 |
| -- |
CCF |
| 991 ## - |
| -- |
c-LL |
| -- |
KF18 |
| -- |
.L5 |
| -- |
00011360208 |
| -- |
Copy 2 |
| -- |
1966 * 8888 |
| -- |
CCF |
| 991 ## - |
| -- |
c-LL |
| -- |
KF18 |
| -- |
.L5 |
| -- |
00017279257 |
| -- |
Copy 2 |
| -- |
1 * 8888 |
| -- |
CCF |
| 991 ## - |
| -- |
c-LL |
| -- |
KF18 |
| -- |
.L5 |
| -- |
00017279245 |
| -- |
Copy 2 |
| -- |
2 * 8888 |
| -- |
CCF |
| 991 ## - |
| -- |
r-N&CPR |
| -- |
KF18 |
| -- |
.L5 |
| -- |
Copy 999 |
| -- |
GenBib bi 92-005289 |
| 992 ## - |
| -- |
call x7-5305 |
| -- |
SERLOC |